000 00458nam a2200157Ia 4500
001 51116
008 161228n ii |||gr||||Z||||||
082 _a891.29412
100 _aSarasvati, Dayananda .,
_eAuthor.,
245 0 _aRigvedi Bhasya Bhumika /
_cDayananda Sarasvati.
_hTextual Documents
250 _a1st ed /
260 _aNew Delhi :
_bMeharchand Lachhamandas ,
_c1981.
300 _a496 p ;
_c24 cm.
653 _aSanskrit literature
942 _2ddc
_cBK
999 _c51081
_d51081